Pamiatková obnova hlavného objektu cvernovej továrne Danubius v Bratislave
Guardado en:
| Autor principal: | |
|---|---|
| Otros Autores: | |
| Formato: | Manuscrito Libro |
| Lenguaje: | eslovaco |
| Publicado: |
Bratislava
2019
|
| Materias: | |
| Acceso en línea: | http://is.stuba.sk/zp/portal_zp.pl?podrobnosti=144808 |
| Etiquetas: |
Sin Etiquetas, Sea el primero en etiquetar este registro!
|
MARC
| LEADER | 00000ntm a22000003a 4500 | ||
|---|---|---|---|
| 001 | stuzp72960 | ||
| 003 | SK-STU | ||
| 005 | 20200910110319.7 | ||
| 007 | ta | ||
| 008 | 150427s2015----xo-----f-mn---000-0-slo-d | ||
| 040 | |a STU |b slo | ||
| 041 | 0 | |a slo | |
| 100 | 1 | |a Inczingerová, Lucia |u 053130 |k Z4 |4 aut |U FAD Fakulta architektúry |T FA Ústav dejín a teórie architektúry a obnovy pamiatok |X 65245 |U A3130 |Y 394 |7 65245 | |
| 242 | 0 | 1 | |a Monument Restoration of the main Building of the Danubius Factory in Bratislava |y eng |
| 245 | 1 | 0 | |a Pamiatková obnova hlavného objektu cvernovej továrne Danubius v Bratislave |
| 260 | |c 2019 |a Bratislava | ||
| 650 | 4 | |a cvernovka |2 slo | |
| 650 | 4 | |a industriál |2 slo | |
| 650 | 4 | |a variabilita |2 slo | |
| 650 | 4 | |a didaktika |2 slo | |
| 650 | 4 | |a industry |2 eng | |
| 650 | 4 | |a variability |2 eng | |
| 650 | 4 | |a didactics |2 eng | |
| 650 | 4 | |a thread factory |2 eng | |
| 700 | 1 | |a Vodrážka, Peter |u 053130 |k Z1 |4 ths |U FAD Fakulta architektúry |T FA Ústav dejín a teórie architektúry a obnovy pamiatok |X 459 |U A3130 |Y 394 |7 A000000459 | |
| 856 | 4 | |u http://is.stuba.sk/zp/portal_zp.pl?podrobnosti=144808 |u https://opac.crzp.sk/?fn=detailBiblioForm&sid=9F8942B94996237AABF81CF666DC | |